Comadrita la rana / (Registro nro. 58780)
[ vista simple ]
| 000 -CABECERA | |
|---|---|
| Longitud fija campo de control | 01133nam a2200337Ic 4500 |
| 003 - • IDENTIFICADOR DELl NÚMERO DE CONTROL | |
| Identificador del número de control | CO-BoRNBP |
| 005 - • FECHA Y HORA DE LA ÚLTIMA TRANSACCIÓN | |
| Fecha y hora de la última transacción | 20250828142938.0 |
| 007 - • CAMPO FIJO DE DESCRIPCIÓN FÍSICA | |
| Campo fijo de descripción física | ta |
| 008 - • CÓDIGOS DE INFORMACIÓN DE LONGITUD FIJA | |
| Códigos de información de longitud fija | 200115s2019 ck 000 0 spa d |
| 020 ## - • NÚMERO INTERNACIONAL NORMALIZADO PARA LIBROS | |
| Número Internacional Normalizado para Libros (ISBN) | 9789587808568 |
| 040 ## - FUENTE DE LA CATALOGACIÓN | |
| Centro catalogador de origen | CO-BoRNBP |
| Lengua de catalogación | spa |
| Normas de descripción | rda |
| Centro transcriptor | CO-BoRNBP |
| 041 0# - • CÓDIGO DE LENGUA | |
| Código de lengua del texto/banda sonora o título independiente | spa |
| 084 ## - • Clasificación Local Alfanúmerica PNLB | |
| Número de clasificación | P |
| 100 ## - • PUNTO DE ACCESO PRINCIPAL-NOMBRE DE PERSONA | |
| Nombre de persona | Posada Saldarriaga, Pilar |
| Término indicativo de función | aut |
| 245 10 - • TITULO PROPIAMENTE DICHO | |
| Título | Comadrita la rana / |
| Mención de responsabilidad, etc. | texto Pilar Posada ; ilustraciones Paula Ortiz. |
| 250 ## - • MENCIÓN DE EDICIÓN | |
| Mención de edición | Edición especial |
| 264 #1 - PRODUCCIÓN, PUBLICACIÓN , DISTRIBUCIÓN, FABRICACIÓN Y COPYRIGHT | |
| Lugar de producción, publicación, distribución, fabricación | Bogotá, Colombia : |
| Nombre del productor, editor, distribuidor, fabricante | SM, |
| Fecha de de producción, publicación, distribución, fabricación o copyright | 2019 |
| 300 ## - • DESCRIPCIÓN FÍSICA | |
| Extensión | [26] páginas : |
| Otras características físicas | ilustraciones en color |
| 336 ## - TIPO DE CONTENIDO | |
| Fuente | rdacontent |
| Término de tipo de contenido | texto |
| Código de tipo de contenido | txt |
| 337 ## - TIPO DE MEDIO | |
| Fuente | rdamedia |
| Nombre del tipo de medio | sin mediación |
| Código del tipo de medio | n |
| 338 ## - TIPO DE SOPORTE | |
| Fuente | rdacarrier |
| Nombre del tipo de soporte | volumen |
| Código del tipo de soporte | nc |
| 490 0# - • MENCIÓN DE SERIE | |
| Mención de serie | Plan Nacional de Lectura y Escritura Leer es mi Cuento / Ministerio de Cultura |
| 521 ## - • NOTA DE PÚBLICO DESTINATARIO | |
| Nota público destinatario (R ) | Recomendado para un público infantil mayor de 3 años |
| 650 07 - • PUNTO DE ACCESO ADICIONAL DE MATERIA - TÉRMINO DE MATERIA | |
| Término de materia o nombre geográfico como elemento inicial | Animales acuáticos |
| Subdivisión de forma | Poesía |
| Fuente del encabezamiento o término | lemb |
| 650 04 - • PUNTO DE ACCESO ADICIONAL DE MATERIA - TÉRMINO DE MATERIA | |
| Término de materia o nombre geográfico como elemento inicial | Poesía infantil colombiana |
| Fuente del encabezamiento o término | LEMB |
| 650 04 - • PUNTO DE ACCESO ADICIONAL DE MATERIA - TÉRMINO DE MATERIA | |
| Término de materia o nombre geográfico como elemento inicial | Literatura infantil colombiana |
| Fuente del encabezamiento o término | LEMB |
| 655 ## - • TÉRMINO DE INDIZACIÓN - GÉNERO/FORMA | |
| Datos o término principal de género/forma | Poesía |
| 9 (RLIN) | 62912 |
| 700 ## - • PUNTO DE ACCESO ADICIONAL - NOMBRE DE PERSONA | |
| Nombre de persona | Ortiz, Paulita |
| Término indicativo de función | ill |
| 942 ## - ENTRADA DE ELEMENTOS AGREGADOS (KOHA) | |
| Fuente de clasificaión o esquema | |
| Koha [por defecto] tipo de item | LIbro |
| Perdido | Fuente de clasificación o esquema | Estado Físico | No para préstamo | Forma de adquisición | Localización permanente | Localización actual | Localización en estanterías | Fecha adquisición | Préstamos totales | Signatura completa | Código de barras | Fecha última consulta | Número de copia | Fecha del precio de reemplazo | Tipo de item de Koha | Fuente de adquisición | Calificador de ubicación codificada |
|---|---|---|---|---|---|---|---|---|---|---|---|---|---|---|---|---|---|
| Dewey Decimal Classification | Infantil | Biblioteca Pública Medellin del Ariari - El Castillo | Biblioteca Pública Medellin del Ariari - El Castillo | Literatura | 08/28/2025 | P | MDA001394 | 08/28/2025 | Ej.1 | 08/28/2025 | LIbro | ||||||
| Dewey Decimal Classification | Colección General | Biblioteca Pública Rural El Yarí- vereda Playa Rica La Macarena | Biblioteca Pública Rural El Yarí- vereda Playa Rica La Macarena | General | 10/23/2025 | P | 9789587808568 | 11/10/2025 | Ej.1 | 11/10/2025 | LIbro | biblioteca nacional | 9789587808568 |